[Event "Unibank"]
[Site "Naestved"]
[Date "1991.??.??"]
[Round "?"]
[White "Johansson, Jan"]
[Black "Kristiansen, Jens"]
[Result "1/2-1/2"]
[WhiteElo "2415"]
[BlackElo "2415"]
[PlyCount "90"]
[EventDate "1991.??.??"]
[EventType "tourn"]
[EventRounds "9"]
[EventCountry "DEN"]
[EventCategory "5"]
[Source "ChessBase"]
[SourceDate "2001.11.25"]

1. d4 Nf6 2. Nf3 d6 3. Nc3 Bf5 4. Bg5 Nbd7 5. Nh4 Bg4 6. f3 Bh5 7. e4 e6 8. g4
Bg6 9. d5 exd5 10. Nxd5 c6 11. Nc3 Be7 12. Qd2 d5 13. Nxg6 hxg6 14. O-O-O dxe4
15. Bc4 O-O 16. Bxf6 Nxf6 17. Qe1 Qc7 18. Nxe4 b5 19. Bd3 Rfe8 20. Kb1 Nxe4 21.
Bxe4 g5 22. Qc3 Rac8 23. Rd3 Bf6 24. Qc5 Be7 25. Qf2 c5 26. Rd5 Bf6 27. Rhd1 b4
28. h4 gxh4 29. g5 Bd4 30. Qxh4 g6 31. Rh1 Bg7 32. Rhd1 Rcd8 33. Qe1 Bd4 34.
Qf1 Rxd5 35. Bxd5 Qe5 36. Qc4 Re7 37. Qb3 a5 38. Be4 Qxg5 39. a3 Qf6 40. axb4
axb4 41. c3 Be5 42. cxb4 cxb4 43. Rd8+ Kh7 44. Qxb4 Re6 45. Rd7 Rd6 1/2-1/2

[Event "Unibank"]
[Site "Naestved"]
[Date "1991.??.??"]
[Round "6"]
[White "Johansson, Jan"]
[Black "Dunnington, Angus J"]
[Result "1/2-1/2"]
[WhiteElo "2415"]
[BlackElo "2345"]
[PlyCount "80"]
[EventDate "1991.??.??"]
[EventType "tourn"]
[EventRounds "9"]
[EventCountry "DEN"]
[EventCategory "5"]
[Source "ChessBase"]
[SourceDate "2001.11.25"]

1. d4 d6 2. e4 g6 3. Nc3 Bg7 4. f4 Nf6 5. Nf3 O-O 6. Be2 c5 7. dxc5 Qa5 8. O-O
Qxc5+ 9. Kh1 b5 10. e5 dxe5 11. fxe5 Ng4 12. Qd5 Nf2+ 13. Rxf2 Qxf2 14. Qxa8 b4
15. Nd5 Qxe2 16. Bf4 Kh8 17. Qxa7 Bg4 18. Ng5 Qc4 19. h3 Be6 20. Nc7 Bf5 21.
Bh2 Nc6 22. Qe3 h6 23. Nf3 Nd8 24. Qb6 Qxc2 25. Nd5 Qxb2 26. Re1 Qxa2 27. Nxe7
Be6 28. Rd1 Qa8 29. Qxb4 Nc6 30. Nxc6 Qxc6 31. Qh4 Qc4 32. Bf4 Kg8 33. Kh2 g5
34. Bxg5 hxg5 35. Qxg5 Bd5 36. Rd4 Qc6 37. Rg4 Qg6 38. Qd2 Qc6 39. Qg5 Qg6 40.
Qd2 Qc6 1/2-1/2

[Event "Unibank"]
[Site "Naestved"]
[Date "1991.??.??"]
[Round "?"]
[White "Johansson, Jan"]
[Black "Hansen, Lars Bo"]
[Result "0-1"]
[WhiteElo "2415"]
[BlackElo "2525"]
[PlyCount "78"]
[EventDate "1991.??.??"]
[EventType "tourn"]
[EventRounds "9"]
[EventCountry "DEN"]
[EventCategory "5"]
[Source "ChessBase"]
[SourceDate "2001.11.25"]

1. e4 c5 2. Nf3 Nc6 3. Bb5 e6 4. O-O Nge7 5. Re1 a6 6. Bxc6 Nxc6 7. b3 Be7 8.
Bb2 O-O 9. d4 cxd4 10. Nxd4 d6 11. Nd2 Nxd4 12. Bxd4 b5 13. c4 e5 14. Bb2 Be6
15. cxb5 axb5 16. Nf1 Qb6 17. Ne3 Rac8 18. Qd3 Bg5 19. Rad1 Rfd8 20. Bc1 Qb7
21. Bd2 Ra8 22. Nd5 Bxd2 23. Rxd2 Bxd5 24. exd5 Rac8 25. h3 Re8 26. Re4 Rc5 27.
Rb4 Qd7 28. Rc2 Rxc2 29. Qxc2 Rc8 30. Qd3 Rc5 31. a4 bxa4 32. bxa4 g6 33. Kh2
Qa7 34. Qe3 Ra5 35. Qg5 Kg7 36. Rh4 Qxf2 37. Qh6+ Kg8 38. Qxh7+ Kf8 39. Qh8+
Ke7 0-1

[Event "Unibank"]
[Site "Naestved"]
[Date "1991.??.??"]
[Round "8"]
[White "Johansson, Jan"]
[Black "Christensen, Tobias"]
[Result "1-0"]
[WhiteElo "2415"]
[BlackElo "2300"]
[PlyCount "80"]
[EventDate "1991.??.??"]
[EventType "tourn"]
[EventRounds "9"]
[EventCountry "DEN"]
[EventCategory "5"]
[Source "ChessBase"]
[SourceDate "2001.11.25"]

1. d4 f5 2. Bg5 g6 3. e3 Bg7 4. Bd3 Nf6 5. Nd2 b6 6. h4 Bb7 7. h5 e6 8. Ne2 h6
9. Bxf6 Qxf6 10. hxg6 Bxg2 11. Rg1 Bb7 12. Nf4 Nc6 13. c3 O-O-O 14. Nh5 Qe7 15.
Qa4 Rhg8 16. Ba6 Qe8 17. O-O-O Bh8 18. Nf4 e5 19. dxe5 Bxe5 20. Nf3 Bxf4 21.
Bxb7+ Kxb7 22. Qxf4 Qe6 23. Qxh6 Qxa2 24. Qf4 Qe6 25. Nh4 Ne7 26. g7 d6 27. Rg5
Rd7 28. Rdg1 a5 29. Kc2 c6 30. Rh5 Qf7 31. Rhg5 Qe6 32. Kd2 b5 33. Qd4 c5 34.
Qd3 Kb6 35. Ng6 Nxg6 36. Rxg6 Qe5 37. f4 Qe4 38. Qxe4 fxe4 39. f5 Rf7 40. f6
Kc6 1-0

[Event "Unibank"]
[Site "Naestved"]
[Date "1991.??.??"]
[Round "4"]
[White "Johansson, Jan"]
[Black "Antonsen, Mikkel"]
[Result "0-1"]
[WhiteElo "2415"]
[BlackElo "2310"]
[PlyCount "80"]
[EventDate "1991.??.??"]
[EventType "tourn"]
[EventRounds "9"]
[EventCountry "DEN"]
[EventCategory "5"]
[Source "ChessBase"]
[SourceDate "2001.11.25"]

1. e4 e6 2. b3 b6 3. Bb2 Bb7 4. d3 d5 5. Nd2 Nf6 6. e5 Nfd7 7. f4 c5 8. Ngf3
Be7 9. g3 f5 10. h4 Nc6 11. Bg2 Qc7 12. Ng5 Nf8 13. c3 g6 14. Qe2 h6 15. Ngf3
Rg8 16. d4 a5 17. Kf2 a4 18. Rab1 a3 19. Ba1 Ba6 20. Qe3 Nd7 21. Rbc1 Kf7 22.
h5 g5 23. fxg5 hxg5 24. Rh2 Qd8 25. h6 cxd4 26. cxd4 Nb4 27. Bf1 Bxf1 28. Rxf1
Nf8 29. Kg1 Nh7 30. Nb1 g4 31. Ne1 Ng5 32. Nc3 Rc8 33. Kh1 Rh8 34. Qe2 Kg8 35.
Ng2 Qf8 36. Nf4 Rxh6 37. Rxh6 Qxh6+ 38. Kg2 Nh3 39. Qd2 Nxf4+ 40. Qxf4 Bg5 0-1

[Event "Unibank"]
[Site "Naestved"]
[Date "1991.??.??"]
[Round "1"]
[White "Kristiansen, Jens"]
[Black "Olsen, Nils Linde"]
[Result "1-0"]
[WhiteElo "2415"]
[BlackElo "2290"]
[PlyCount "74"]
[EventDate "1991.??.??"]
[EventType "tourn"]
[EventRounds "9"]
[EventCountry "DEN"]
[EventCategory "5"]
[Source "ChessBase"]
[SourceDate "2001.11.25"]

1. c4 Nf6 2. Nf3 g6 3. Nc3 Bg7 4. e4 d6 5. d4 O-O 6. Be2 e5 7. Be3 Ng4 8. Bg5
f6 9. Bd2 Nh6 10. O-O Nf7 11. Rb1 Nc6 12. d5 Ne7 13. b4 f5 14. Ng5 Nxg5 15.
Bxg5 Bf6 16. Bd2 Kh8 17. f3 f4 18. c5 Rf7 19. Nb5 a6 20. Na3 h5 21. Nc4 Bh4 22.
a4 g5 23. b5 axb5 24. axb5 b6 25. cxd6 cxd6 26. Bb4 Rf6 27. Ra1 Rb8 28. Ra7 Ng6
29. Qa1 g4 30. Qa3 Bg3 31. hxg3 fxg3 32. fxg4 Rxf1+ 33. Kxf1 Qf6+ 34. Qf3 Qh4
35. Qe3 Qf6+ 36. Kg1 Nf4 37. Nxd6 Rb7 1-0

[Event "Unibank"]
[Site "Naestved"]
[Date "1991.??.??"]
[Round "4"]
[White "Kristiansen, Jens"]
[Black "Blauert, Joerg"]
[Result "1-0"]
[WhiteElo "2415"]
[BlackElo "2395"]
[PlyCount "73"]
[EventDate "1991.??.??"]
[EventType "tourn"]
[EventRounds "9"]
[EventCountry "DEN"]
[EventCategory "5"]
[Source "ChessBase"]
[SourceDate "2001.11.25"]

1. e4 e5 2. Nf3 Nc6 3. Bb5 f5 4. d3 fxe4 5. dxe4 Nf6 6. O-O Bc5 7. Bxc6 bxc6 8.
Nxe5 O-O 9. Nc3 Ba6 10. Nd3 Bd4 11. e5 Nd5 12. Nxd5 cxd5 13. Be3 Bxe3 14. fxe3
Qe7 15. Rxf8+ Rxf8 16. Nf4 Bb7 17. Qd4 c5 18. Qc3 Rf5 19. Rd1 Rxe5 20. Nd3 Rxe3
21. Qxc5 d6 22. Qxa7 h6 23. Rf1 Re4 24. Qb8+ Kh7 25. Qf8 Qc7 26. Rf7 Qb6+ 27.
Kh1 Rg4 28. Rxb7 Qxb7 29. Qf5+ Rg6 30. Nf4 Qxb2 31. Qxg6+ Kh8 32. g3 Qxa2 33.
Qf5 d4 34. Ne6 Qa8+ 35. Kg1 Qa1+ 36. Kg2 d3 37. cxd3 1-0

[Event "Unibank"]
[Site "Naestved"]
[Date "1991.??.??"]
[Round "?"]
[White "Kristiansen, Jens"]
[Black "Hansen, Lars Bo"]
[Result "1/2-1/2"]
[WhiteElo "2415"]
[BlackElo "2525"]
[PlyCount "100"]
[EventDate "1991.??.??"]
[EventType "tourn"]
[EventRounds "9"]
[EventCountry "DEN"]
[EventCategory "5"]
[Source "ChessBase"]
[SourceDate "2001.11.25"]

1. e4 c5 2. Nf3 Nc6 3. d4 cxd4 4. Nxd4 Nf6 5. Nc3 e5 6. Ndb5 d6 7. Bg5 a6 8.
Na3 b5 9. Nd5 Be7 10. Bxf6 Bxf6 11. c3 O-O 12. Nc2 Bg5 13. a4 bxa4 14. Rxa4 Bb7
15. Bc4 Na5 16. Bd3 Nb3 17. O-O Nc5 18. Ra3 f5 19. Re1 fxe4 20. Bxe4 Nxe4 21.
Rxe4 Bc8 22. Nce3 Rb8 23. b4 Qe8 24. f3 Qf7 25. c4 Bb7 26. Qd3 h6 27. Ra5 Rfc8
28. Rg4 Rf8 29. Re4 Kh8 30. h3 Qg6 31. Qe2 Bc8 32. Kh1 Qh5 33. Kh2 Bxh3 34.
gxh3 Rxf3 35. Qg2 Rbf8 36. Ra2 Bf4+ 37. Nxf4 exf4 38. Nf1 Rb3 39. Qg4 Qxg4 40.
hxg4 Rxb4 41. Rxa6 d5 42. Re7 Rb2+ 43. Kg1 dxc4 44. Raa7 Rg8 45. Rac7 f3 46.
Ne3 Ra8 47. Ra7 Rxa7 48. Rxa7 h5 49. gxh5 Rb5 50. Nxc4 Rxh5 1/2-1/2

[Event "Unibank"]
[Site "Naestved"]
[Date "1991.??.??"]
[Round "?"]
[White "Kristiansen, Jens"]
[Black "Brinck Claussen, Bjorn"]
[Result "0-1"]
[WhiteElo "2415"]
[BlackElo "2415"]
[PlyCount "82"]
[EventDate "1991.??.??"]
[EventType "tourn"]
[EventRounds "9"]
[EventCountry "DEN"]
[EventCategory "5"]
[Source "ChessBase"]
[SourceDate "2001.11.25"]

1. c4 Nf6 2. Nf3 g6 3. Nc3 d5 4. cxd5 Nxd5 5. d4 Bg7 6. e3 O-O 7. Bc4 Nb6 8.
Bb3 Nc6 9. O-O e5 10. d5 Na5 11. e4 Nxb3 12. Qxb3 Bg4 13. Nd2 c6 14. h3 Bd7 15.
a4 a5 16. Nf3 cxd5 17. exd5 Rc8 18. Rd1 Rc4 19. d6 Rb4 20. Qc2 Bc6 21. Ng5 h6
22. Nge4 f5 23. Nc5 Qc8 24. Nd3 Rh4 25. Qb3+ Nc4 26. Nf4 exf4 27. Qxc4+ Kh7 28.
f3 Qd8 29. Qd3 Be5 30. Bd2 Qg5 31. Be1 Rxh3 32. Nd5 Bxd6 33. Rac1 Be5 34. Bxa5
Rg3 35. Rd2 Rf7 36. Re1 Bg7 37. Bc3 Rd7 38. Qc4 Rxd5 39. Rxd5 Rxg2+ 40. Kf1
Rg1+ 41. Ke2 Qg2+ 0-1

[Event "Unibank"]
[Site "Naestved"]
[Date "1991.??.??"]
[Round "9"]
[White "Olsen, Nils Linde"]
[Black "Johansson, Jan"]
[Result "1/2-1/2"]
[WhiteElo "2290"]
[BlackElo "2415"]
[PlyCount "85"]
[EventDate "1991.??.??"]
[EventType "tourn"]
[EventRounds "9"]
[EventCountry "DEN"]
[EventCategory "5"]
[Source "ChessBase"]
[SourceDate "2001.11.25"]

1. d4 g6 2. c4 Bg7 3. e4 d6 4. Nc3 Nc6 5. d5 Nd4 6. Nge2 c5 7. Nxd4 cxd4 8. Nb5
Qb6 9. c5 dxc5 10. Bf4 Kf8 11. Nc7 Rb8 12. Qd2 Nf6 13. f3 Bd7 14. Ne6+ fxe6 15.
dxe6 Rc8 16. exd7 Nxd7 17. Bc4 e5 18. Bg3 Qb4 19. Qxb4 cxb4 20. Bd5 b6 21. O-O
Ke7 22. a3 bxa3 23. Rxa3 Rc7 24. Rfa1 a5 25. Be1 Rhc8 26. b4 axb4 27. Bxb4+ Kd8
28. Ra8 Nc5 29. Bd2 Nd3 30. Kf1 Bf8 31. Be6 Rxa8 32. Rxa8+ Ke7 33. Bg8 h6 34.
Ke2 Nf4+ 35. Kd1 Bg7 36. g3 Nd3 37. Rb8 g5 38. Rxb6 Ra7 39. Ke2 Nc5 40. Bb4 Rc7
41. Rb5 Kd6 42. Kf1 Bf8 43. Bxc5+ 1/2-1/2

[Event "Unibank"]
[Site "Naestved"]
[Date "1991.??.??"]
[Round "2"]
[White "Olsen, Nils Linde"]
[Black "Blauert, Joerg"]
[Result "0-1"]
[WhiteElo "2290"]
[BlackElo "2395"]
[PlyCount "70"]
[EventDate "1991.??.??"]
[EventType "tourn"]
[EventRounds "9"]
[EventCountry "DEN"]
[EventCategory "5"]
[Source "ChessBase"]
[SourceDate "2001.11.25"]

1. d4 e6 2. c4 Nf6 3. Nf3 d5 4. cxd5 exd5 5. Bg5 Be7 6. Nc3 c6 7. Qc2 Nbd7 8.
e3 O-O 9. Bd3 Re8 10. O-O-O Nf8 11. h3 Be6 12. Kb1 Rc8 13. Ne5 Ne4 14. Bxe7
Nxc3+ 15. Qxc3 Qxe7 16. Rc1 f6 17. Nf3 b6 18. g4 c5 19. Ba6 Rc7 20. dxc5 bxc5
21. Nd4 Bf7 22. Nf5 Qe6 23. Qa5 Qb6 24. Qxb6 axb6 25. Bd3 Rd8 26. h4 Ne6 27. g5
fxg5 28. hxg5 Bg6 29. Rcd1 Rf7 30. Nh4 Bxd3+ 31. Rxd3 Rxf2 32. g6 h6 33. Rb3
Rd6 34. Rd1 d4 35. exd4 Rxd4 0-1

[Event "Unibank"]
[Site "Naestved"]
[Date "1991.??.??"]
[Round "6"]
[White "Olsen, Nils Linde"]
[Black "Brinck Claussen, Bjorn"]
[Result "1/2-1/2"]
[WhiteElo "2290"]
[BlackElo "2415"]
[PlyCount "48"]
[EventDate "1991.??.??"]
[EventType "tourn"]
[EventRounds "9"]
[EventCountry "DEN"]
[EventCategory "5"]
[Source "ChessBase"]
[SourceDate "2001.11.25"]

1. d4 Nf6 2. Nf3 g6 3. c4 Bg7 4. Nc3 d5 5. Bf4 O-O 6. e3 c5 7. dxc5 Qa5 8. Rc1
dxc4 9. Bxc4 Qxc5 10. Qb3 Nc6 11. Qb5 Qxb5 12. Bxb5 Bd7 13. O-O Rac8 14. h3
Rfd8 15. Rfd1 Kf8 16. Ne5 Nxe5 17. Bxe5 Bxb5 18. Rxd8+ Rxd8 19. Nxb5 Ne8 20.
Bxg7+ Kxg7 21. Nd4 Kf6 22. Kf1 Rd6 23. Rc8 Ng7 24. Ke2 Rb6 1/2-1/2